| 000 | 01021cam a22003135a 4500 | ||
|---|---|---|---|
| 001 | 014778273 | ||
| 003 | OSt | ||
| 005 | 20180410153118.0 | ||
| 008 | 080901s2009 gw a frb 000 0 eng d | ||
| 020 | _a9783527318520 | ||
| 020 | _a3527318526 | ||
| 040 |
_aStDuBDS _beng _cStDuBDS _dUk _dEG-ScBUE |
||
| 082 | 0 | 4 |
_222 _a615.19 _bTOD |
| 100 | 1 | _aTodeschini, Roberto. | |
| 245 | 1 | 0 |
_aMolecular descriptors for chemoinformatics / _cRoberto Todeschini and Viviana Consonni. |
| 250 | _a2nd ed., rev. and enl. | ||
| 260 |
_aWeinheim : _bWiley-VCH ; _aChichester : _bJohn Wiley, _c2009. |
||
| 300 |
_av. 1. : _bill. ; _c25 cm. |
||
| 490 | 0 |
_aMethods and principles in medicinal chemistry ; _vVol. 41 |
|
| 504 | _aIncludes bibliographical references. | ||
| 505 | 0 | _av. 1. Alphabetical listing. | |
| 650 | 7 |
_aDrugs _xDesign. _2BUEsh _930136 |
|
| 650 | 7 |
_aChemoinformatics. _2BUEsh |
|
| 650 | 7 |
_aMolecular pharmacology. _2BUEsh |
|
| 651 | _2BUEsh | ||
| 653 |
_bGGEN _cApril2018 |
||
| 700 | 1 | _aConsonni, Viviana. | |
| 942 | _2ddc | ||
| 999 |
_c26486 _d26458 |
||